000 00461nam a2200181Ia 4500
001 3770
005 20260306145708.0
008 260306t1999||||xx |||||||||||||| ||spa||
041 _aESP
082 _a303.34
_bS54
100 _aSiliceo Aguilar, Alfonso
_eAUT
245 0 _aLiderazgo, valores y cultura organizacional:
_bhacia una organización competitiva
260 _c1999
300 _a
_c
650 _aGEN
654 _aCHU
942 _cLIB
_dJUS
_fJUS
_2ddc
_n
999 _c3770
_d3770